| 000 | 00346nam a2200133Ia 4500 | ||
|---|---|---|---|
| 008 | 240624s9999 xx 000 0 und d | ||
| 041 | _aeng | ||
| 082 | _a658.15224 LEV | ||
| 100 | _aLEVY HAIM | ||
| 245 | _aPRINCIPLES OF CORPORATE FINANCE | ||
| 260 |
_c1998 _aNew Delhi _bSouth Western |
||
| 300 | _axxviii, : 871 : p. : cm. ; 23 | ||
| 365 |
_cRS _b20 |
||
| 999 |
_c5476 _d5476 |
||